Normal view
MARC view
Entry Personal Name
001 - CONTROL NUMBER
- control field: 1114806
003 - CONTROL NUMBER IDENTIFIER
- control field: OSt
005 - DATE AND TIME OF LATEST TRANSACTION
- control field: 20260210115039.0
008 - FIXED-LENGTH DATA ELEMENTS
- fixed length control field: 260210|| aca||aabn | a|a d
040 ## - CATALOGING SOURCE
- Original cataloging agency: OSt
- Transcribing agency: OSt
100 ## - HEADING--PERSONAL NAME
- Personal name: त्रिपाठी, राधावल्लभ
670 ## - SOURCE DATA FOUND
- Source citation: Work cat.: (OSt)1679081: त्रिपाठी, राधावल्लभ , भारतीय नाट्यशास्त्र की परम्परा एवं विश्व रंगमञ्च , 1998
